| 000 | 00508nam a22001817a 4500 | ||
|---|---|---|---|
| 003 | OSt | ||
| 005 | 20180116183054.0 | ||
| 008 | 160902b xxu||||| |||| 00| 0 eng d | ||
| 020 | _a9694150507 | ||
| 040 | _c0 | ||
| 082 | _a329.9549 AFZ 2000 | ||
| 100 | _aAfzal,M.Rafique | ||
| 245 |
_aPolitical Parties in Pakistan 1958-1969 vol.ii _cM.Rafique Afzal |
||
| 260 |
_aIslamabad _bNIHCR _c2000 |
||
| 300 |
_a342 p. _bHB. |
||
| 440 |
_aPolitical Parties in Pakistan 1958-1969 vol.ii _vVol.II |
||
| 942 |
_2ddc _cBK |
||
| 999 |
_c351735 _d351735 |
||